| 000 | 00000nam 2200000zi 4500 |
| 001 | 9.946701 |
| 003 | CaOODSP |
| 005 | 20250110161038 |
| 006 | m o d f |
| 007 | cr bn||||||||| |
| 008 | 250110s1985####onca ob f000 0 eng d |
| 040 | |aCaOODSP|beng|erda|cCaOODSP |
| 043 | |an-cn--- |
| 086 | 1 |aCo24-3/1-85-009E-PDF |
| 100 | 1 |aBavelas, Alex, |eauthor. |
| 245 | 10|aEffects of office information systems on organizational communications and activities : |ba quasi-experimental study / |cprincipal co-investigators: Alex Bavelas, Eric Lee, James MacGregor, Frank Safayeni ; research assistants: Lyn Graham, Janice Nakamura. |
| 264 | 1|a[Ottawa] : |bDepartment of Communications, |c1985. |
| 300 | |a1 online resource (102 pages) : |billustrations. |
| 336 | |atext|btxt|2rdacontent |
| 337 | |acomputer|bc|2rdamedia |
| 338 | |aonline resource|bcr|2rdacarrier |
| 490 | 1 |aDOC contractor report ; |vDOC-CR-BT-85-009 |
| 500 | |a"(Contract #2ER.36001-3-2375)." |
| 500 | |aDigitized copy from print [produced by Innovation, Science and Economic Development Canada]. |
| 500 | |aIssued also in French under title : Effets des systèmes de bureautique sur les communications et les activités des organisations : une étude quasi expérimentale. |
| 504 | |aIncludes bibliographical references (pages 50-52, 76-80). |
| 520 | |a"The present and anticipated growth in the use of computers and computer-mediated communications in organizations has raised practical concerns about the effects of these changes on the work of organizations and on the individuals and units which perform that work"--Introduction, page 6. |
| 650 | 0|aOffice practice|xAutomation|xGovernment policy|zCanada. |
| 650 | 0|aInformation storage and retrieval systems. |
| 710 | 1 |aCanada. |bDepartment of Communications, |eissuing body. |
| 775 | 08|tEffets des systèmes de bureautique sur les communications et les activités des organisations : |w(CaOODSP)9.946713 |
| 830 | #0|aDOC contractor report (Canada. Department of Communications)|vDOC-CR-BT-85-009.|w(CaOODSP)9.869864 |
| 856 | 40|qPDF|s2.24 MB|uhttps://publications.gc.ca/collections/collection_2025/isde-ised/co24/Co24-3-1-85-009-eng.pdf |